[Event "OBEM 2016"]
[Site "Germany , Bremen"]
[Date "2016.03.25"]
[Round "8.12"]
[White "Erofeev, Anastasia"]
[Black "Beinke, Lukas"]
[Result "0-1"]
[WhiteElo "1947"]
[BlackElo "1886"]
[PlyCount "82"]

1. e4 d5 2. exd5 Qxd5 3. d4 Nc6 4. Be3 Nf6 5. Nc3 Qa5 6. Bb5 Bg4 7. f3 Bd7 8.
Bc4 e6 9. a3 Qh5 10. Nge2 Bd6 11. Nf4 Bxf4 12. Bxf4 g5 13. Be5 Nxe5 14. dxe5
Qh4+ 15. g3 Qxc4 16. exf6 O-O-O 17. Qd3 Qxd3 18. cxd3 Bc6 19. Ke2 g4 20. Ne4
Rd4 21. Rad1 gxf3+ 22. Ke3 Rhd8 23. Ng5 R4d5 24. Nxf7 Rf8 25. Nh6 Rg5 26. Kf4
Rd5 27. Ke3 f2 28. Rhf1 Rg5 29. f7 Rg6 30. Ng8 Rxf7 31. Rxf2 Rxf2 32. Ne7+ Kd7
33. Nxg6 Rxh2 34. Ne5+ Kd6 35. Nc4+ Ke7 36. Kf4 Rf2+ 37. Kg5 Rf5+ 38. Kh4 Bf3
39. g4 Bxd1 40. gxf5 exf5 41. Ne3 Bg4 0-1

[Event "OBEM 2016"]
[Site "Germany , Bremen"]
[Date "2016.03.25"]
[Round "8.13"]
[White "Sinnhoefer, Jonas"]
[Black "Stieglitz, Dirk"]
[Result "0-1"]
[WhiteElo "1690"]
[BlackElo "2064"]
[PlyCount "72"]

1. e4 Nf6 2. Nc3 d5 3. exd5 Nxd5 4. Bc4 c6 5. Qf3 e6 6. Nge2 Nd7 7. O-O Ne5 8.
Qe4 Nxc4 9. Qxc4 Nxc3 10. Qxc3 Qf6 11. Qb3 Bd6 12. Ng3 O-O 13. d3 Bc7 14. Be3
b6 15. Rfe1 {(=)} c5 16. Qc3 Qxc3 17. bxc3 f5 18. Bd2 c4 19. Ne2 e5 20. d4 Bb7
21. dxe5 Bxe5 22. Nd4 Rae8 23. Rad1 Be4 24. Rc1 Bd5 25. f4 Bb8 26. Rxe8 Rxe8
27. Kf2 g6 28. Rb1 Bd6 29. Nb5 Bc5+ 30. Kf1 Bxg2+ 31. Kxg2 Re2+ 32. Kg3 Rxd2
33. Rb2 Rd7 34. a4 Re7 35. Kh4 Re3 36. Nxa7 Be7# 0-1

[Event "OBEM 2016"]
[Site "Germany , Bremen"]
[Date "2016.03.25"]
[Round "8.14"]
[White "Issing, Peter"]
[Black "Brinkmann, Fabian"]
[Result "1-0"]
[WhiteElo "2199"]
[BlackElo "2154"]
[PlyCount "43"]

1. d4 Nf6 2. c4 e6 3. Nc3 Bb4 4. Qc2 O-O 5. e4 c5 6. e5 cxd4 7. a3 dxc3 8. axb4
cxb2 9. Bxb2 Ne8 10. Nf3 d6 11. Bd3 g6 12. exd6 Nxd6 13. h4 Nc6 14. Qc3 f6 15.
h5 Kg7 16. hxg6 hxg6 17. b5 Ne7 18. g4 Ng8 19. O-O-O Qc7 20. Ng5 Ne7 21. Rh7+
Kg8 22. Rdh1 1-0

[Event "OBEM 2016"]
[Site "Germany , Bremen"]
[Date "2016.03.25"]
[Round "8.15"]
[White "Lorenzen, Bjoern"]
[Black "Goes, Carsten"]
[Result "1-0"]
[WhiteElo "2030"]
[BlackElo "1770"]
[PlyCount "131"]

1. d4 e6 2. Nf3 f5 3. c4 Nf6 4. Nc3 d5 5. Bf4 c6 6. e3 Be7 7. Bd3 Nbd7 8. Qc2
Ne4 9. h3 O-O 10. O-O-O Qa5 11. Bxe4 fxe4 12. Nd2 Bf6 13. f3 e5 14. dxe5 Nxe5
15. Bxe5 Bxe5 16. fxe4 Bxc3 17. bxc3 dxe4 18. Rhf1 Be6 19. g4 Qa3+ 20. Qb2 Qc5
21. Rfe1 Bxc4 22. Nxe4 Qe5 23. Nd6 Bd5 24. Nf5 Rae8 25. e4 Qf4+ 26. Qd2 Qxd2+
27. Rxd2 Rxe4 28. Red1 g6 29. Nd6 Re3 30. c4 Rc3+ 31. Kb2 Rxc4 32. Nxc4 Bxc4
33. g5 Bd5 34. h4 Rf4 35. Rd4 Rf2+ 36. R1d2 Rxd2+ 37. Rxd2 Kf7 38. Re2 Be6 39.
Kc3 c5 40. a3 Ke7 41. Kd3 Kd6 42. Rf2 Bf5+ 43. Kc4 a6 44. Rd2+ Kc6 45. Rd8 b5+
46. Kc3 a5 47. Rh8 b4+ 48. axb4 cxb4+ 49. Kb2 a4 50. Rxh7 Kc5 51. Re7 Kc4 52.
Rc7+ Kd4 53. Ra7 a3+ 54. Kb3 Be6+ 55. Kxb4 a2 56. Ra3 Ke4 57. Kc3 Kf4 58. Kd4
Kg4 59. Ke5 Bb3 60. Kf6 Kxh4 61. Kxg6 Kg4 62. Kf6 Kf4 63. g6 Ke4 64. g7 Bg8 65.
Ke7 Kd4 66. Kf8 1-0

[Event "OBEM 2016"]
[Site "Germany , Bremen"]
[Date "2016.03.25"]
[Round "8.16"]
[White "Meyer, Thorsten"]
[Black "Schwenke, Stefan"]
[Result "1/2-1/2"]
[WhiteElo "1982"]
[BlackElo "1714"]
[PlyCount "86"]

1. e4 e6 2. d4 d5 3. exd5 exd5 4. Bd3 Nc6 5. c3 Nf6 6. Ne2 Bd6 7. Bf4 Ne7 8.
Qc2 c6 9. Nd2 Bxf4 10. Nxf4 Qc7 11. Ne2 Be6 {(=)} 12. h3 Nd7 13. O-O-O O-O-O
14. Rde1 Rde8 15. f4 g6 16. g4 f6 {(=)} 17. Rhf1 Bf7 18. Nf3 Kd8 19. Qd2 Nc8
20. f5 Qd6 21. Neg1 g5 22. Rxe8+ Rxe8 23. Re1 Rxe1+ 24. Qxe1 h5 25. Ne2 Qe7 26.
Ng3 Qxe1+ {(=)} 27. Nxe1 h4 28. Nf1 Nd6 29. b3 Nb6 30. Nd2 Kd7 31. Bf1 Nbc8 32.
Nd3 b6 33. Kc2 Kc7 34. Bg2 Ne7 35. Kd1 Nb7 36. Kc2 Kd6 37. Ne1 Be8 38. Kd3 Bd7
39. Nc2 Nxf5 40. Nb4 Ne7 41. Ke3 f5 42. Nf3 fxg4 43. Nxg5 gxh3 1/2-1/2

[Event "OBEM 2016"]
[Site "Germany , Bremen"]
[Date "2016.03.25"]
[Round "8.17"]
[White "Weinitschke, Harald"]
[Black "Gebur, Thomas"]
[Result "0-1"]
[WhiteElo "1687"]
[BlackElo "1859"]
[PlyCount "78"]

1. Nf3 c5 2. c4 Nc6 3. g3 e5 4. Nc3 g6 5. Bg2 Bg7 6. O-O Nge7 7. b3 O-O 8. Bb2
d6 9. e3 Nf5 10. Ne2 Rb8 11. d4 cxd4 12. exd4 e4 13. Nd2 e3 14. fxe3 Nxe3 15.
Qc1 Nxf1 16. Qxf1 Bf5 17. Qf2 Nb4 18. Bc3 Nc2 19. Bb2 Nxa1 20. Bxa1 Qa5 21. Nc1
Qa3 22. Qf1 Qb4 23. Ne4 Bxe4 24. Bxe4 Rbe8 25. Nd3 Qb6 26. c5 Qb5 27. Bd5 dxc5
28. a4 Qd7 29. Bc4 Bxd4+ 30. Bxd4 Qxd4+ 31. Kg2 Qe4+ 32. Kh3 b6 33. Nf4 Qf5+
34. Kg2 Rd8 35. Qe2 Rfe8 36. Qf2 g5 37. Nd5 Rxd5 38. Bxd5 Qxd5+ 39. Kh3 Qe6+
0-1

[Event "OBEM 2016"]
[Site "Germany , Bremen"]
[Date "2016.03.25"]
[Round "8.18"]
[White "Bensmann, Jannis"]
[Black "Klemm, Robert"]
[Result "1/2-1/2"]
[WhiteElo "1566"]
[BlackElo "1852"]
[PlyCount "88"]

1. d4 Nf6 2. Nc3 g6 3. e4 d6 4. Bg5 Bg7 5. Qd2 h6 6. Bf4 c6 7. O-O-O Qc7 8. f3
b5 9. Kb1 a5 10. Nce2 Nbd7 11. Nc1 Nb6 12. g4 h5 13. e5 Nfd5 14. exd6 exd6 15.
Re1+ Be6 16. gxh5 Rxh5 17. Bd3 Kd7 18. Nb3 Nc4 19. Bxc4 bxc4 20. Nc5+ Ke7 21.
Nxe6 fxe6 22. Ne2 Qb6 23. c3 Rb8 24. Rhg1 Bh6 25. Bxh6 Rxh6 26. Rg2 Ne3 27. Rf2
Nd5 28. Nf4 Rbh8 29. Rxe6+ Kd7 30. Nxd5 cxd5 31. Rfe2 Qd8 32. Qf4 Kc6 33. Qf6
Qxf6 34. Rxf6 g5 35. Rxh6 Rxh6 36. Kc1 Rh5 37. Rf2 Kd7 38. Kd2 Ke6 39. Ke2 Kf5
40. Kf1 Kf4 41. Kg2 Rh7 42. Re2 Rb7 43. Kf2 a4 44. a3 Rh7 1/2-1/2

[Event "OBEM 2016"]
[Site "Germany , Bremen"]
[Date "2016.03.25"]
[Round "8.19"]
[White "Traetmar, Mattis"]
[Black "Kohlscheen, Jens"]
[Result "1-0"]
[WhiteElo "1848"]
[BlackElo "1620"]
[PlyCount "55"]

1. e4 e5 2. Nf3 Nf6 3. Nxe5 d6 4. Nf3 Nxe4 5. d4 d5 6. Bd3 Bd6 7. O-O O-O 8. c4
c6 9. Qc2 Nf6 10. c5 Bc7 11. Bg5 h6 12. Bh4 Re8 13. Nbd2 a5 14. a3 b6 15. b4
bxc5 16. bxc5 Ba6 17. Rfb1 Bxd3 18. Qxd3 Nbd7 19. Rb7 Qc8 20. Rab1 Ne4 21. Qc2
Ndf6 22. Bxf6 Nxf6 23. Nf1 Re7 24. Ng3 g6 25. Ne5 Bd8 26. Rxe7 Bxe7 27. Rb6 Ra6
28. Nxc6 1-0

[Event "OBEM 2016"]
[Site "Germany , Bremen"]
[Date "2016.03.25"]
[Round "8.20"]
[White "Ungar, Benedict"]
[Black "Hoffer, Hayo"]
[Result "1-0"]
[WhiteElo "1678"]
[BlackElo "1847"]
[PlyCount "89"]

1. Nf3 Nf6 2. g3 d5 3. c4 c6 4. Bg2 Bf5 5. cxd5 cxd5 6. Qb3 Qb6 7. d3 Qxb3 8.
axb3 Nbd7 9. Be3 a6 10. Nh4 Bg6 11. O-O e6 12. Rc1 Bd6 13. Na3 O-O 14. Nxg6
hxg6 15. Rc2 Rfc8 16. Rac1 Rxc2 17. Rxc2 Kf8 18. Kf1 Ke7 19. f4 Kd8 20. Bd2 Rc8
21. e4 Rxc2 22. Nxc2 dxe4 23. dxe4 e5 24. Ke2 Nc5 25. Bc3 Nfxe4 26. Bxe5 Bxe5
27. fxe5 b5 28. b4 Nxg3+ 29. hxg3 Nd7 30. Nd4 Ke7 31. Ke3 Nb6 32. b3 f5 33.
exf6+ gxf6 34. Nc6+ Kd6 35. Nb8 g5 36. Nxa6 f5 37. Kd4 f4 38. gxf4 gxf4 39. Nc5
Nc8 40. Ke4 Ne7 41. Kxf4 Ng6+ 42. Ke3 Ne5 43. Ne4+ Ke7 44. Kd4 Nc6+ 45. Kc5 1-0

[Event "OBEM 2016"]
[Site "Germany , Bremen"]
[Date "2016.03.25"]
[Round "8.21"]
[White "Bilau, Max"]
[Black "Sommer, Andreas"]
[Result "0-1"]
[WhiteElo "1511"]
[BlackElo "1821"]
[PlyCount "66"]

1. d4 d5 2. Nc3 Nf6 3. Bg5 Bf5 4. e3 Nbd7 5. Bd3 Bxd3 6. Qxd3 h6 7. Bh4 e6 8.
f3 c5 9. Nge2 Be7 10. g4 a6 11. Bg3 b5 12. Nf4 c4 13. Qd2 b4 14. Nd1 a5 15. O-O
Nb6 16. c3 Bd6 17. Rf2 Nh7 18. Ne2 Ng5 19. Kg2 f5 20. h3 fxg4 21. fxg4 Ne4 22.
Qc2 Bxg3 23. Nxg3 Nxf2 24. Qg6+ Kd7 25. Nxf2 Qf6 26. Qc2 Rhf8 27. Rf1 Qf3+ 28.
Kh2 Qxe3 29. g5 b3 30. axb3 cxb3 31. Qe2 Qxe2 32. Nxe2 Nc4 33. Kg2 Ne3+ 0-1

[Event "OBEM 2016"]
[Site "Germany , Bremen"]
[Date "2016.03.25"]
[Round "8.22"]
[White "Nancheva, Doroteya"]
[Black "Kropp, Joachim"]
[Result "1-0"]
[WhiteElo "1796"]
[BlackElo "1750"]
[PlyCount "89"]

1. e4 c5 2. Nf3 Nc6 3. d4 cxd4 4. Nxd4 Nf6 5. Nc3 e5 6. Ndb5 d6 7. Bg5 a6 8.
Na3 Be7 9. Nc4 Nd4 10. Bxf6 Bxf6 11. Nd5 b5 12. Ncb6 Rb8 13. Nxc8 Rxc8 14. c3
Ne6 15. a4 Rb8 16. axb5 axb5 17. Ra6 O-O 18. Rxd6 Qa5 19. Nxf6+ gxf6 20. Qg4+
Kh8 21. Qf3 Kg7 22. Be2 Qa1+ 23. Bd1 Qxb2 24. h4 Rfd8 25. Rxd8 Rxd8 26. O-O Rd2
27. Qg4+ Kf8 28. Qf5 Qxc3 29. Qxf6 b4 30. Bh5 Nd8 31. Kh2 b3 32. f4 b2 33. fxe5
Qc4 34. Bxf7 Qxf7 35. Qh6+ Ke8 36. Rxf7 Nxf7 37. Qc6+ Kf8 38. Qb5 Nxe5 39. Qb4+
Kf7 40. Qxd2 Ng4+ 41. Kg3 b1=Q 42. Qd7+ Kf6 43. Qf5+ Ke7 44. Qxh7+ Kd6 45. e5+
1-0

[Event "OBEM 2016"]
[Site "Germany , Bremen"]
[Date "2016.03.25"]
[Round "8.23"]
[White "Zhong, Xianghui"]
[Black "Sausmikat, Armin"]
[Result "1-0"]
[WhiteElo "1765"]
[BlackElo "1879"]
[PlyCount "65"]

1. d4 d5 2. c4 e6 3. Nc3 Nf6 4. e3 Be7 5. Nf3 O-O 6. Bd3 dxc4 7. Bxc4 b6 8. O-O
Bb7 9. Re1 Ne4 10. Qc2 Nxc3 11. bxc3 Bxf3 12. gxf3 Bd6 13. Qe4 Nd7 14. f4 Qh4
15. Qf3 Rae8 16. e4 f6 17. Kh1 Kh8 18. Rg1 g5 19. Rg4 Qh6 20. Bd2 e5 21. fxg5
fxg5 22. Qg2 exd4 23. Bxg5 Qh5 24. Rg1 Qxh2+ 25. Qxh2 Bxh2 26. Kxh2 Rxf2+ 27.
Kh1 Rf3 28. cxd4 Rh3+ 29. Kg2 Rc3 30. Bb3 Rd3 31. e5 h5 32. Rh4 Kg7 33. Kh2 1-0

[Event "OBEM 2016"]
[Site "Germany , Bremen"]
[Date "2016.03.25"]
[Round "8.24"]
[White "Laubrock, Sophia"]
[Black "Dietrich, Igor"]
[Result "0-1"]
[WhiteElo "1550"]
[BlackElo "1865"]
[PlyCount "138"]

1. d4 d5 2. c4 c6 3. Nc3 Nf6 4. Nf3 dxc4 5. a4 Bf5 6. e3 e6 7. Bxc4 Bb4 8. O-O
Nbd7 9. Bd2 O-O 10. Qb3 a5 11. Rac1 Rb8 12. Ne2 Bxd2 13. Nxd2 Nb6 14. Ng3 Bg6
15. Be2 Re8 16. Rfd1 Nbd5 17. Bd3 Bxd3 18. Qxd3 Nb4 19. Qc4 Qd6 20. Nde4 Qe7
21. Nxf6+ Qxf6 22. Ne4 Qe7 23. Nc5 Rbd8 24. Nd3 Nd5 25. Qb3 Rc8 26. Rc2 f6 27.
e4 Nb4 28. Nxb4 axb4 29. Rc4 Red8 30. Rxb4 Rc7 31. f4 Rcd7 32. f5 c5 33. Rb6
cxd4 34. fxe6 Rc7 35. Rb4 Rd6 36. Rbxd4 Qxe6 37. Qxe6+ Rxe6 38. b4 Rce7 39. Kf2
Rxe4 40. Rxe4 Rxe4 41. Rd8+ Kf7 42. Rd7+ Re7 43. Rxe7+ Kxe7 44. Ke3 Ke6 45. Kd4
Kd6 46. Kc4 Kc6 47. a5 f5 48. b5+ Kc7 49. Kc5 f4 50. Kd5 g5 51. Ke5 h6 52. Kf5
Kd6 53. a6 bxa6 54. bxa6 Kc7 55. Kg6 g4 56. Kxh6 f3 57. gxf3 gxf3 58. h4 f2 59.
h5 f1=Q 60. Kh7 Qf8 61. h6 Kb6 62. Kg6 Qh8 63. h7 Kxa6 64. Kh6 Kb7 65. Kg6 Kc7
66. Kh6 Kd7 67. Kg6 Ke7 68. Kh6 Kf6 69. Kh5 Qxh7+ 0-1

[Event "OBEM 2016"]
[Site "Germany , Bremen"]
[Date "2016.03.25"]
[Round "8.25"]
[White "Boehm, Karl"]
[Black "Ficken, Hartmut"]
[Result "1/2-1/2"]
[WhiteElo "1852"]
[BlackElo "1714"]
[PlyCount "104"]

1. d4 d5 2. c4 e6 3. Nc3 Be7 4. e3 Nf6 5. Nf3 b6 6. cxd5 Nxd5 7. Bd3 O-O 8. O-O
c5 9. a3 Ba6 10. Bxa6 Nxa6 11. Qc2 Nxc3 12. Qxc3 Bf6 13. Qc4 Qc8 14. d5 exd5
15. Qxd5 Nc7 16. Qb3 Qe6 17. Qc2 Rfd8 18. Bd2 Rd7 19. Bc3 Bxc3 20. Qxc3 Rad8
21. Qc2 Nd5 22. Rad1 Nf6 23. Rxd7 Rxd7 24. Rd1 Rxd1+ 25. Qxd1 Qd7 26. Qxd7 Nxd7
27. Kf1 f6 28. Ke2 Kf7 29. Kd3 b5 30. Nd2 Ne5+ 31. Ke2 Ke6 32. f4 Nd7 33. e4 a5
34. Ke3 Nb6 35. b3 g6 36. g4 Kd6 37. Kd3 a4 38. Kc3 axb3 39. Kxb3 Na4 40. h4
Nb6 41. g5 f5 42. exf5 gxf5 43. h5 Ke6 44. Nf3 Nd5 45. g6 c4+ 46. Kc2 hxg6 47.
hxg6 Kf6 48. g7 Kxg7 49. Nd4 Nxf4 50. Nxf5+ Kf6 51. Nd4 Ke5 52. Nxb5 Kd5
1/2-1/2

[Event "OBEM 2016"]
[Site "Germany , Bremen"]
[Date "2016.03.25"]
[Round "8.26"]
[White "Niefuend, Michael"]
[Black "Zimmermann, Erik"]
[Result "1-0"]
[WhiteElo "1795"]
[BlackElo "1626"]
[PlyCount "87"]

1. d4 d5 2. Nf3 Nf6 3. Bf4 Bf5 4. e3 e6 5. Bd3 Bxd3 6. Qxd3 Nbd7 7. O-O Bd6 8.
Nbd2 O-O 9. c3 a6 10. Rae1 Re8 11. Bg5 h6 12. Bh4 Be7 13. Ne5 Nh7 14. Nxf7 Kxf7
15. Bxe7 Qxe7 16. Qxh7 Nf6 17. Qd3 Rf8 18. e4 dxe4 19. Nxe4 Nxe4 20. Rxe4 Rae8
21. Rfe1 Qg5 22. Re5 Qf6 23. R1e3 Kg8 24. Qe2 Qf4 25. g3 Qf7 26. Rxe6 Rxe6 27.
Rxe6 b6 28. Re7 Qxa2 29. Rxc7 Qb1+ 30. Kg2 Qf5 31. Re7 Qd5+ 32. Qe4 Qb5 33. Qg6
Qd5+ 34. Kg1 Rf7 35. Qxf7+ Qxf7 36. Rxf7 Kxf7 37. Kf1 Ke6 38. Ke2 g5 39. f4 Kf5
40. Kf3 g4+ 41. Ke3 b5 42. b4 h5 43. d5 Kf6 44. Ke4 1-0

[Event "OBEM 2016"]
[Site "Germany , Bremen"]
[Date "2016.03.25"]
[Round "8.29"]
[White "Hentrop, Malte"]
[Black "Rast, Matthias"]
[Result "1-0"]
[WhiteElo "1847"]
[BlackElo "1213"]
[PlyCount "61"]

1. e4 e6 2. c4 c5 3. Nf3 Nc6 4. Nc3 Be7 5. Be2 Qc7 6. d4 cxd4 {(=)} 7. Nxd4
Nxd4 8. Qxd4 e5 9. Nd5 Qd6 10. Qd3 Nf6 11. O-O O-O 12. Be3 b6 13. f4 Nxd5 14.
cxd5 a5 15. fxe5 Qxe5 16. Bd4 Qd6 17. Qe3 Bd8 18. Rf2 Bb7 19. e5 Qg6 20. Bd3
Qg5 21. Qe4 Qg6 22. Qf3 Qg5 23. Be4 Rb8 24. Qd3 h6 25. Raf1 Ra8 26. Rf5 Qe7 27.
Qf3 Rb8 28. d6 Bxe4 29. dxe7 Bxf3 30. exf8=Q+ Kxf8 31. R5xf3 1-0

[Event "OBEM 2016"]
[Site "Germany , Bremen"]
[Date "2016.03.25"]
[Round "8.30"]
[White "Rose, Helmut"]
[Black "Wundahl, Juergen"]
[Result "0-1"]
[WhiteElo "1511"]
[BlackElo "1726"]
[PlyCount "66"]

1. d4 Nf6 2. c4 c5 3. d5 b5 4. b3 g6 5. Bg5 Bg7 6. Nd2 bxc4 7. bxc4 Qa5 8. f3
d6 9. a4 Nbd7 10. e4 Ba6 11. Rc1 O-O 12. Ne2 Rfb8 13. Nc3 h6 14. Be3 Ng4 15.
fxg4 Bxc3 16. Bxh6 Rb2 17. Rc2 Rab8 18. Rxb2 Rxb2 19. Bd3 Ne5 20. Bc2 Nxc4 21.
Rf1 Na3 22. Rxf7 Nxc2+ 23. Kf2 Bd4+ 24. Kg3 Kxf7 25. Qf3+ Bf6 26. g5 Qc3 27.
gxf6 Qxf3+ 28. Nxf3 exf6 29. Bf4 Ke7 30. h4 Rb4 31. Nd2 Rxa4 32. Kg4 Bc8+ 33.
Kg3 a5 0-1

[Event "OBEM 2016"]
[Site "Germany , Bremen"]
[Date "2016.03.25"]
[Round "8.31"]
[White "Holtermann, Klaas"]
[Black "Zijlstra, Berend"]
[Result "1-0"]
[WhiteElo "1714"]
[BlackElo "1300"]
[PlyCount "71"]

1. e4 e5 2. Nf3 Nc6 3. Bc4 Be7 4. O-O Nf6 5. d3 d6 6. c3 h6 7. Bb3 O-O 8. Re1
Bg4 9. Nbd2 Rb8 10. h3 Bh5 11. Nf1 Bg6 12. Ng3 Nd7 13. Nh2 Nc5 14. Bc2 Ne6 15.
Nhf1 Bf6 16. Ne3 Bh4 17. Nef5 Bxg3 18. Nxg3 Ne7 19. d4 exd4 20. cxd4 c6 21. f4
Bh7 22. f5 Nc7 23. Qg4 Ne8 24. Bxh6 Kh8 25. Bg5 f6 26. Bf4 Ng8 27. Bb3 b5 28.
Nh5 Rb7 29. Re3 Nh6 30. Qh4 Bg8 31. Bxh6 Bxb3 32. Bxg7+ Nxg7 33. Nxf6+ Nh5 34.
Qxh5+ Kg7 35. Qg6+ Kh8 36. Qh6+ 1-0

[Event "OBEM 2016"]
[Site "Germany , Bremen"]
[Date "2016.03.25"]
[Round "8.32"]
[White "Proske, Matthias"]
[Black "Peine, Olaf"]
[Result "0-1"]
[WhiteElo "1666"]
[BlackElo "1504"]
[PlyCount "102"]

1. d4 d5 2. c4 e6 3. Nf3 Nf6 4. g3 b6 5. Bg2 Bb7 6. O-O Be7 7. b3 O-O 8. Bb2
Nbd7 9. Nbd2 Qc8 10. Rc1 dxc4 11. bxc4 Qd8 12. Qc2 Rc8 13. e4 h6 14. Rfe1 c5
15. d5 exd5 16. cxd5 Nh7 17. Qc3 f6 18. Bh3 Rc7 19. Be6+ Kh8 20. Nh4 g5 21.
Ng6+ Kg7 22. Nxf8 Nhxf8 23. Bf5 Bd6 24. Nc4 Be5 25. Nxe5 Nxe5 26. f4 Nf7 27.
Rcd1 Nd6 28. Bg4 Nb5 29. Qe3 Nh7 30. f5 c4 31. a4 c3 32. Ba1 c2 33. Rd3 Nd6 34.
Rc1 Ba6 35. Rc3 Re7 36. R3xc2 Rxe4 37. Qxe4 Nxe4 38. Rc7+ Kg8 39. Rxa7 Bc8 40.
Rcc7 Nf8 41. Bf3 Nd6 42. Re7 Nd7 43. Re6 Ne5 44. Bxe5 Bxe6 45. dxe6 fxe5 46.
Rd7 Qc8 47. Rxd6 Qc5+ 48. Kg2 Qxd6 49. Bg4 Kg7 50. h4 Kf6 51. hxg5+ Kxg5 0-1

[Event "OBEM 2016"]
[Site "Germany , Bremen"]
[Date "2016.03.25"]
[Round "8.33"]
[White "Seliskar, Henryk"]
[Black "Schubert, Karl Heinz"]
[Result "1-0"]
[WhiteElo "1540"]
[BlackElo "1027"]
[PlyCount "47"]

1. c4 b6 2. Nc3 e6 3. d4 Bb7 4. e3 Nf6 5. Nf3 Bb4 6. Bd2 d5 7. a3 Be7 8. cxd5
Nxd5 9. Be2 Nc6 10. Nxd5 Qxd5 11. O-O g5 12. Ne1 O-O-O 13. Rc1 Bd6 14. Bf3 Qf5
15. Rxc6 Bxc6 16. Bxc6 Kb8 17. g3 e5 18. Bc3 e4 19. Nc2 h5 20. f3 Qh3 21. Qe2
g4 22. f4 h4 23. Qa6 hxg3 24. Qb7# 1-0

[Event "OBEM 2016"]
[Site "Germany , Bremen"]
[Date "2016.03.25"]
[Round "8.34"]
[White "Nagel, Rudolf"]
[Black "Borbely, Kurt"]
[Result "1-0"]
[WhiteElo "1388"]
[BlackElo "1054"]
[PlyCount "87"]

1. e4 e6 2. d4 d5 3. e5 c5 4. c3 Nc6 5. f4 Qb6 6. Nf3 f6 7. b3 Nge7 8. Bb2 Ng6
9. exf6 gxf6 10. g3 c4 11. Na3 Bxa3 12. Bxa3 Qa5 13. Bb2 b5 14. Bh3 h6 15. Qe2
Nd8 16. Bxe6 Bxe6 17. f5 Nf8 18. fxe6 Ndxe6 19. Nh4 Qb6 20. Qh5+ Ke7 21. Qxd5
Rd8 22. Qe4 Kf7 23. O-O Ng5 24. Qf5 Qe6 25. Rae1 Qxf5 26. Rxf5 Nfe6 27. Ref1
Ne4 28. Rxb5 Rd7 29. Re1 N6g5 30. bxc4 Rg8 31. Kg2 Nd6 32. Rc5 Nde4 33. Rc6 Re8
34. c5 Rde7 35. Nf5 Rb7 36. Ba3 Nxc3 37. Rxe8 Kxe8 38. Nd6+ Kd7 39. Ra6 Rc7 40.
Bb4 Nce4 41. Nb5 Rc6 42. Rxa7+ Ke6 43. Nc7+ Kf5 44. d5 1-0

[Event "OBEM 2016"]
[Site "Germany , Bremen"]
[Date "2016.03.25"]
[Round "8.35"]
[White "Kueck, Alexander"]
[Black "Krueger, Gerhard"]
[Result "1-0"]
[WhiteElo "1331"]
[BlackElo "1367"]
[PlyCount "77"]

1. e4 c5 2. Nf3 d6 3. Bc4 Nc6 4. Ng5 e6 5. f4 Nf6 6. Nc3 d5 7. exd5 exd5 8.
Qe2+ Ne7 9. Bb5+ Bd7 10. Bxd7+ Qxd7 11. Nf3 a6 12. d4 Rc8 13. Bd2 g6 14. O-O
Bg7 15. b3 O-O 16. Na4 Rc6 17. Nxc5 Qc8 18. c3 Re8 19. Ne5 Nf5 20. Qd3 Rxc5 21.
dxc5 Qxc5+ 22. Kh1 Qc8 23. Rac1 Rd8 24. c4 d4 25. Rcd1 Qc5 26. Bc3 Qb6 27. Bb2
Ne3 28. Bxd4 Nxf1 29. Bxb6 Rxd3 30. Rxd3 Ne4 31. Rd8+ Bf8 32. Rb8 Nd6 33. Nd7
Kg7 34. Rxf8 Nf5 35. c5 N1e3 36. Rb8 Nd5 37. Rxb7 Nfe7 38. Nb8 Nc8 39. Nxa6 1-0

[Event "OBEM 2016"]
[Site "Germany , Bremen"]
[Date "2016.03.26"]
[Round "9.2"]
[White "Boehning, Kilian"]
[Black "Buescher, Andre"]
[Result "1-0"]
[WhiteElo "2141"]
[BlackElo "2059"]
[PlyCount "75"]

1. Nf3 Nf6 2. g3 g6 3. Bg2 Bg7 4. O-O O-O 5. d3 d5 6. Nbd2 c5 7. c4 e6 8. Rb1
Nc6 9. a3 a5 10. b3 Re8 11. Qc2 d4 12. e4 e5 13. Re1 Be6 14. Nf1 h6 15. Bd2 Bf8
16. h3 Kh7 17. g4 Ng8 18. Ng3 Bd6 19. Qc1 Qe7 20. Kh2 a4 21. Rh1 axb3 22. Rxb3
Ra7 23. Qd1 Rf8 24. g5 f5 25. exf5 gxf5 26. gxh6 e4 27. dxe4 fxe4 28. Ng5+ Kh8
29. N5xe4 Bxc4 30. Rf3 Ne5 31. Rxf8 Qxf8 32. Nxd6 Qxd6 33. Re1 Nd3 34. Re8 Bf7
35. Rc8 b6 36. h7 Nxf2 37. Qh5 Kg7 38. h8=Q# 1-0

[Event "OBEM 2016"]
[Site "Germany , Bremen"]
[Date "2016.03.26"]
[Round "9.3"]
[White "Steingraeber, Kai Uwe"]
[Black "Margraf, Daniel"]
[Result "0-1"]
[WhiteElo "2147"]
[BlackElo "2219"]
[PlyCount "126"]

1. d4 Nf6 2. c4 {(=)} e6 3. Nf3 d5 4. Nc3 Bb4 5. Bg5 Nbd7 6. e3 O-O 7. Rc1 h6
8. Bh4 b6 9. Ne5 Bb7 10. Nxd7 {(=)} Qxd7 11. Bxf6 gxf6 12. Qh5 Kh7 13. c5 bxc5
14. Bd3+ f5 15. g4 c4 16. Bb1 Bc8 17. Rg1 Rg8 18. Ke2 Rg6 19. Rg3 Bd6 20. f4
Rb8 21. Rcg1 Rxb2+ 22. Kf3 Rxb1 23. Nxb1 Qe8 24. Nc3 c6 25. Nd1 c5 26. Rh3 Qf8
27. Rhg3 Qg7 28. g5 cxd4 29. gxh6 Qxh6 30. Qxh6+ Kxh6 31. exd4 Bd7 32. Nf2 a5
33. Rb1 Bb4 34. Ke3 Kg7 35. Nd1 Kf6 36. Rc1 Rh6 37. h3 Ba3 38. Rc3 Bb4 39. Rc1
Rh4 40. Nc3 Ke7 41. Rc2 Bc6 42. Rc1 Kd6 43. Ne2 Be8 44. Rb1 Rh7 45. Kf2 f6 46.
a3 Bd2 47. Rb6+ Bc6 48. Rf3 a4 49. Nc3 Kc7 50. Rb1 e5 51. Ne2 e4 52. Rg3 e3+
53. Kg2 c3 54. Nxc3 Bxc3 55. Rxe3 Bxd4 56. Rd3 Bb6 57. Kg3 d4 58. Rb4 Bc5 59.
Rc4 Kd6 60. Rd1 Bb5 61. Rcxd4+ Bxd4 62. Rxd4+ Kc5 63. Rb4 Rd7 0-1

[Event "OBEM 2016"]
[Site "Germany , Bremen"]
[Date "2016.03.26"]
[Round "9.4"]
[White "Pienski, Olaf"]
[Black "Heldt, Nils-Lennart"]
[Result "1-0"]
[WhiteElo "2167"]
[BlackElo "1928"]
[PlyCount "151"]

1. e4 c5 2. Nf3 d6 3. d4 cxd4 4. Nxd4 Nf6 5. Nc3 a6 6. Be2 Nbd7 7. O-O b5 8. a4
b4 9. Nd5 Bb7 10. Nxb4 Nxe4 11. Bf3 Qc7 12. Re1 Ndf6 13. Be3 e6 14. Nb3 d5 15.
Nd3 Bd6 16. h3 a5 17. Nd4 Ba6 18. c3 O-O 19. Nb5 Bxb5 20. axb5 Nc5 21. b6 Qc6
22. Bd4 Nfd7 23. c4 Nxb6 24. cxd5 exd5 25. Nxc5 Bxc5 26. Rc1 Nc4 27. b3 Bxd4
28. Qxd4 Qb6 29. Rxc4 Qxb3 30. Rc3 Qb2 31. Rd3 Qxd4 32. Rxd4 a4 33. Bxd5 Ra7
34. Red1 a3 35. Ba2 Raa8 36. R4d3 g6 37. Rc1 Ra7 38. Rcc3 Rfa8 39. Kf1 Kg7 40.
Ke2 f6 41. Kd2 g5 42. g3 h6 43. Kc2 Re8 44. Re3 Rd8 45. Kb1 Kg6 46. Ka1 Kg7 47.
Bb3 Rb8 48. Ka2 Rb5 49. Rf3 Rb6 50. Rc4 Rba6 51. Rfc3 Kg6 52. g4 Re6 53. Rf3 h5
54. Bc2+ Kh6 55. Rcc3 Rea6 56. Rxa3 Rxa3+ 57. Rxa3 Re7 58. Kb2 Kg7 59. Rf3 hxg4
60. hxg4 Rc7 61. Bf5 Rb7+ 62. Kc2 Ra7 63. Kd1 Ra1+ 64. Ke2 Rh1 65. Ra3 Kf8 66.
Ra7 Rc1 67. f3 Rc6 68. Bd3 Re6+ 69. Be4 Rb6 70. Rb7 Ra6 71. Kd3 Ra3+ 72. Kd4
Ra4+ 73. Kc5 Ra5+ 74. Kd6 Re5 75. Rc7 Re8 76. Bd5 1-0

[Event "OBEM 2016"]
[Site "Germany , Bremen"]
[Date "2016.03.26"]
[Round "9.5"]
[White "Rosin, Julius"]
[Black "Peters, Frank"]
[Result "1/2-1/2"]
[WhiteElo "1996"]
[BlackElo "2133"]
[PlyCount "97"]

1. d4 d6 2. Nf3 g6 3. Bf4 Bg7 4. c3 Nf6 5. Nbd2 O-O 6. e4 Nc6 7. Bc4 Nd7 8. Qe2
e5 9. dxe5 dxe5 10. Be3 Qe7 11. O-O Nc5 12. Ng5 Nd8 13. f4 exf4 14. Bxf4 Nde6
15. Nxe6 Bxe6 16. e5 Rad8 17. Nf3 Bxc4 18. Qxc4 Ne6 19. Bg3 Rd7 20. Qg4 h5 21.
Qe4 Qc5+ 22. Kh1 Qd5 23. Qc2 Qc6 24. Qe2 a6 25. Bh4 Re8 26. Rad1 Rxd1 27. Rxd1
Qa4 28. b3 Qg4 29. h3 Qf5 30. Qd3 Qxd3 31. Rxd3 Kf8 {(=)} 32. Rd7 Rc8 33. b4
Ke8 34. Re7+ Kf8 35. Bf6 Rd8 36. Nd4 Nxd4 37. cxd4 Bxf6 38. exf6 Rxd4 39. Rxc7
Kg8 40. Rxb7 Rd6 41. Rb8+ Kh7 42. a4 Rxf6 43. a5 h4 44. Rb6 Rf4 45. Kg1 Kg7 46.
Rxa6 Rxb4 47. Ra8 Rb2 48. a6 Ra2 49. Kh2 1/2-1/2

[Event "OBEM 2016"]
[Site "Germany , Bremen"]
[Date "2016.03.26"]
[Round "9.6"]
[White "Beinke, Lukas"]
[Black "Balazs, Balint"]
[Result "0-1"]
[WhiteElo "1886"]
[BlackElo "2101"]
[PlyCount "56"]

1. Nf3 g6 2. e4 Bg7 3. d4 d6 4. c4 Nf6 5. Nc3 O-O 6. Be2 e5 7. dxe5 dxe5 8. Bg5
Qxd1+ 9. Rxd1 Nbd7 10. O-O c6 11. b4 Re8 12. h3 Bf8 13. Rb1 Kg7 14. Nd2 a5 15.
b5 Bb4 16. Rbc1 Nc5 17. bxc6 bxc6 18. f3 Nh5 19. Kh2 Ne6 20. Be3 Nhf4 21. Rf2
Rd8 22. Bxf4 Nxf4 23. Ndb1 Ba6 24. Na4 Bd2 25. Rd1 Be3 26. Rxd8 Rxd8 27. Rf1
Nxe2 28. Re1 Bf4+ 0-1